Overriding the co-limiting import of carbon and energy into tuber amyloplasts increases the starch content and yield of transgenic potato plants /

Uloženo v:
Podrobná bibliografie
Hlavní autor: Zhang, Lizhi.
Další autoři: Flugge, Ulf-Ingo., Greiten, Christian., Haferkamp, Ilka., Hajirezaei, Mohammad-Reza., Hausler, Rainer E., Ludewig, Frank., Neuhaus, H. Ekkehard.
Médium: Článek
Jazyk:English
Témata:
Tagy: Přidat tag
Žádné tagy, Buďte první, kdo otaguje tento záznam!
Thư viện lưu trữ: Thư viện Trường Đại học Đà Lạt
LEADER 01227nam a2200397 4500
001 DLU090068967
005 ##20090414
040 # # |a DLU  |b eng 
041 # # |a eng 
044 # # |a UK 
100 # # |a Zhang, Lizhi. 
245 # # |a Overriding the co-limiting import of carbon and energy into tuber amyloplasts increases the starch content and yield of transgenic potato plants /  |c Lizhi Zhang, et al. 
653 # # |a Glucose-6-phosphate 
653 # # |a Nucleotide translocator (NTT) 
653 # # |a Over-expression 
653 # # |a Phosphate translocator (GPT) 
653 # # |a Potato 
653 # # |a Starch 
653 # # |a Yield 
700 # # |a Flugge, Ulf-Ingo. 
700 # # |a Greiten, Christian. 
700 # # |a Haferkamp, Ilka. 
700 # # |a Hajirezaei, Mohammad-Reza. 
700 # # |a Hausler, Rainer E. 
700 # # |a Ludewig, Frank. 
700 # # |a Neuhaus, H. Ekkehard. 
773 # # |t Plant Biotechnology Journal  |g Vol. 6(5), June 2008, p. 453-464 
920 # # |a Phòng Tạp chí -- Trung tâm Thông tin - Thư viện Trường Đại học Đà Lạt 
994 # # |a DLU 
900 # # |a True 
911 # # |a Lê Thị Mạnh Xuân 
925 # # |a G 
926 # # |a A 
927 # # |a BB 
980 # # |a Thư viện Trường Đại học Đà Lạt